[Event "1800-2200 Blitz"]
[Site "SchemingMind.com"]
[Date "2007.12.27"]
[Round "-"]
[White "riverriver"]
[Black "Pedro666"]
[Result "1/2-1/2"]
[WhiteCountry "USA"]
[BlackCountry "POL"]
[WhiteElo "2007"]
[WhiteRD "72"]
[BlackElo "2069"]
[BlackRD "88"]
[GameID "135271"]

1. d4 Nf6 2. c4 g6 3. Nc3 Bg7 4. e4 d6 5. Nf3 O-O 6. Be2 e5 7. Be3 c6 8. O-O exd4 9. Nxd4 Re8 10. f3 d5
11. cxd5 cxd5 12. Bb5 Bd7 13. Qb3 Nc6 14. Rad1 Nxd4 15. Bxd4 Bxb5 16. Nxb5 dxe4 17. Bxf6 Qxf6 18. Nc7 e3 19. Nxe8 Rxe8 20. Rd7 e2
21. Re1 b5 22. Qxb5 Qf4 23. Rd2 Bd4+ 24. Kh1 Re3 25. Rexe2 Be5 26. Kg1 Qxh2+ 27. Kf1 Qh1+ 28. Kf2 Rxe2+ 29. Qxe2 Qh4+ 30. Kf1 Qh1+
31. Kf2 Qh4+ 32. Kf1 Qh1+ 33. Kf2
1/2-1/2

[Event "1800-2200 Blitz"]
[Site "SchemingMind.com"]
[Date "2007.12.27"]
[Round "-"]
[White "Brendan Joseph Birt"]
[Black "Pedro666"]
[Result "0-1"]
[WhiteCountry "USA"]
[BlackCountry "POL"]
[WhiteElo "1861"]
[WhiteRD "73"]
[BlackElo "2005"]
[BlackRD "76"]
[GameID "135272"]

1. e4 Nf6 2. e5 Nd5 3. d4 d6 4. c4 Nb6 5. exd6 exd6 6. Nc3 Be7 7. Bd3 Nc6 8. Nge2 Bf6 9. Be3 Bg4 10. f3 Qe7
11. Bf2 Bh5 12. O-O Bg6 13. Re1 O-O-O 14. Nf4 Qd7 15. Nfd5 Nxd5 16. Nxd5 Bg5 17. b4 Rde8 18. Rxe8+ Rxe8 19. a4 Ne7 20. Nxe7+ Qxe7
21. Bxg6 hxg6 22. Kf1 Bh4 23. Qd2 Bxf2 24. Kxf2 Qh4+ 25. Kg1 f5 26. b5 g5 27. Qf2 Qf4 28. c5 g4 29. fxg4 Qxg4 30. d5 Re2
31. Qf1 dxc5 32. Qf3 Qd4+ 33. Kf1 Rf2+ 34. Qxf2 Qxa1+ 35. Ke2 Qa2+ 36. Ke1 Qxf2+ 37. Kxf2 Kd7 38. Ke3 Kd6
0-1

[Event "1800-2200 Blitz"]
[Site "SchemingMind.com"]
[Date "2007.12.27"]
[Round "-"]
[White "jdcald13"]
[Black "Pedro666"]
[Result "0-1"]
[WhiteCountry "USA"]
[BlackCountry "POL"]
[WhiteElo "1948"]
[WhiteRD "47"]
[BlackElo "2069"]
[BlackRD "88"]
[GameID "135273"]

1. Nf3 Nf6 2. c4 g6 3. Nc3 Bg7 4. d4 O-O 5. e4 d6 6. Bd3 c5 7. O-O Nc6 8. d5 Nd4 9. Nxd4 cxd4 10. Ne2 Qb6
11. b3 Nd7 12. Bb2 e5 13. Qd2 Nc5 14. Rac1 f5 15. f3 Bh6 16. Qxh6 Nxd3 17. Qd2 Nxc1 18. Nxc1 d3+
0-1

[Event "1800-2200 Blitz"]
[Site "SchemingMind.com"]
[Date "2007.12.27"]
[Round "-"]
[White "Vaidotas"]
[Black "Pedro666"]
[Result "1-0"]
[WhiteCountry "LTU"]
[BlackCountry "POL"]
[WhiteElo "1966"]
[WhiteRD "62"]
[BlackElo "2005"]
[BlackRD "76"]
[GameID "135275"]

1. c4 Nf6 2. Nc3 g6 3. g3 Bg7 4. Bg2 O-O 5. d3 d6 6. Rb1 c5 7. Bd2 Nc6 8. a3 a5 9. Nb5 Nd4 10. Nxd4 cxd4
11. Nf3 Nd7 12. b4 axb4 13. axb4 e5 14. O-O h6 15. Qc1 Kh7 16. Qc2 f5 17. Ra1 Rxa1 18. Rxa1 e4 19. Ne1 e3 20. fxe3 dxe3
21. Bc3 f4 22. Bxg7 Kxg7 23. Qc3+ Ne5 24. Nf3 fxg3 25. hxg3 Qf6 26. d4 Ng4 27. Ra3 Qf5 28. Ra5 Qb1+ 29. Qe1 Qe4 30. Rd5 Qe7
31. c5 dxc5 32. bxc5 Be6 33. Rd6 Bc4 34. Bh3 Nf2 35. Bg2 h5 36. Qb1 Bf7 37. Ne5 Qg5 38. Qxb7 Kg8 39. Rd7 Qxg3 40. Rxf7 Nh3+
41. Kf1 Ng5 42. Rxf8+ Kxf8 43. Nxg6+
1-0

[Event "1800-2200 Blitz"]
[Site "SchemingMind.com"]
[Date "2008.01.01"]
[Round "-"]
[White "esteves101"]
[Black "Pedro666"]
[Result "1-0"]
[WhiteCountry "PHI"]
[BlackCountry "POL"]
[WhiteElo "2147"]
[WhiteRD "64"]
[BlackElo "2005"]
[BlackRD "76"]
[GameID "135276"]

1. e4 Nf6 2. e5 Nd5 3. Nc3 e6 4. Nxd5 exd5 5. d4 d6 6. Nf3 Nc6 7. Bb5 Bd7 8. O-O Nxe5 9. Qe2 Bxb5 10. Qxb5+ Qd7
11. Qe2 f6 12. dxe5 dxe5 13. Be3 Be7 14. Rad1 O-O 15. Rfe1 c5 16. Bf4 Rae8 17. Bg3 e4 18. Qxe4 dxe4 19. Rxd7 Bd8 20. Nd2 Ba5
21. c3 f5 22. Rxb7 f4 23. Bh4 e3 24. Nc4
1-0

[Event "1800-2200 Blitz"]
[Site "SchemingMind.com"]
[Date "2007.12.28"]
[Round "-"]
[White "Tanis"]
[Black "riverriver"]
[Result "1-0"]
[WhiteCountry "CHN"]
[BlackCountry "USA"]
[WhiteElo "2103"]
[WhiteRD "78"]
[BlackElo "2007"]
[BlackRD "72"]
[GameID "135341"]

1. e4 e5 2. Nf3 Nc6 3. Bc4 Nf6 4. d4 exd4 5. O-O Nxe4 6. Re1 d5 7. Bxd5 Qxd5 8. Nc3 Qf5 9. Nxe4 Qg6 10. Nf6+ Kd8
11. Re8#
1-0

[Event "1800-2200 Blitz"]
[Site "SchemingMind.com"]
[Date "2007.12.28"]
[Round "-"]
[White "Tanis"]
[Black "Brendan Joseph Birt"]
[Result "1/2-1/2"]
[WhiteCountry "CHN"]
[BlackCountry "USA"]
[WhiteElo "2103"]
[WhiteRD "78"]
[BlackElo "1892"]
[BlackRD "73"]
[GameID "135342"]

1. e4 c5 2. Nf3 g6 3. d4 cxd4 4. Qxd4 Nf6 5. Bb5 a6 6. e5 axb5 7. exf6 Nc6 8. Qd3 b4 9. fxe7 Bxe7 10. O-O O-O
11. Rd1 Bf6 12. c4 Re8 13. Nbd2 Ne5 14. Nxe5 Bxe5 15. Nf3 Bg7 16. Qb3 Qa5 17. Bd2 Qa4 18. Bxb4 Qxb3 19. axb3 Rxa1 20. Rxa1 Bxb2
21. Ra7 Bf6 22. h3 Kg7 23. Kf1 h5 24. Bd2 d6 25. Bf4 Be5 26. Be3 Re7 27. Nd4 Bxd4 28. Bxd4+ f6 29. c5 dxc5= 30. Bxc5 Rf7
31. Ke2=
1/2-1/2

[Event "1800-2200 Blitz"]
[Site "SchemingMind.com"]
[Date "2007.12.28"]
[Round "-"]
[White "Tanis"]
[Black "jdcald13"]
[Result "1-0"]
[WhiteCountry "CHN"]
[BlackCountry "USA"]
[WhiteElo "2103"]
[WhiteRD "78"]
[BlackElo "1948"]
[BlackRD "47"]
[GameID "135343"]

1. e4 c6 2. d4 d5 3. exd5 cxd5 4. c4 Nf6 5. Nc3 e6 6. Nf3 Bb4 7. cxd5 Nxd5 8. Bd2 O-O 9. Bd3 Nc6 10. O-O Be7
11. a3 Bf6 12. Qc2 Nxd4 13. Nxd4 Bxd4 14. Be4 Nf6 15. Rad1 Nxe4 16. Nxe4 Qb6 17. Ng5 g6 18. Bb4 Rd8 19. Nf3 Bf6 20. Rxd8+ Qxd8
21. Bc3 Bxc3 22. Rd1 Bd7 23. Qxc3 Rc8 24. Qd4 Qe7 25. Ne5 Bc6 26. Ng4 h5 27. Nf6+ Kf8 28. Nd5
1-0

[Event "1800-2200 Blitz"]
[Site "SchemingMind.com"]
[Date "2007.12.28"]
[Round "-"]
[White "Tanis"]
[Black "Vaidotas"]
[Result "1-0"]
[WhiteCountry "CHN"]
[BlackCountry "LTU"]
[WhiteElo "2103"]
[WhiteRD "78"]
[BlackElo "1929"]
[BlackRD "65"]
[GameID "135345"]

1. e4 e5 2. Nf3 Nc6 3. Bc4 Nf6 4. d4 exd4 5. O-O Be7 6. Nxd4 O-O 7. Nc3 a6 8. Nxc6 dxc6 9. Qe2 Bc5 10. Rd1 Qe7
11. Bg5 Be6 12. Bxe6 Qxe6 13. a3 Rfe8 14. Bxf6 Qxf6 15. Rd3 Re7 16. Rad1 Bd6 17. Qg4 Rae8 18. f3 Qe5 19. g3 Bc5+ 20. Kh1 g6
21. f4 Qh5 22. Qxh5 gxh5 23. e5 f5 24. exf6 Re1+ 25. Kg2 Rxd1 26. Rxd1 Bd6 27. Kf3 Kf7 28. Ne4 Rd8 29. Rd2 h6 30. c4 b6
31. b4 Ke8 32. c5 Bf8 33. Rxd8+ Kxd8 34. Ke3 Kd7 35. f5 b5 36. h4 Ke8 37. Kd4 Kf7 38. Ke5 Ke8 39. Ke6
1-0

[Event "1800-2200 Blitz"]
[Site "SchemingMind.com"]
[Date "2007.12.28"]
[Round "-"]
[White "Tanis"]
[Black "Pedro666"]
[Result "1-0"]
[WhiteCountry "CHN"]
[BlackCountry "POL"]
[WhiteElo "2103"]
[WhiteRD "78"]
[BlackElo "2069"]
[BlackRD "88"]
[GameID "135346"]

1. e4 Nf6 2. e5 Nd5 3. d4 d6 4. c4 Nb6 5. f4 dxe5 6. fxe5 Nc6 7. Nf3 Bg4 8. Be2 e6 9. Be3 Bxf3 10. gxf3 Qh4+
11. Bf2 Qf4 12. c5 Nd5 13. Nc3 Ne3 14. Qc1 Ng2+ 15. Kf1 Qxc1+ 16. Rxc1 Nf4 17. Bc4 O-O-O 18. Rd1 Nh3 19. Be3 Be7 20. Kg2 Nf4+
21. Bxf4 Nxd4 22. Ne4 g5 23. Be3 Nf5 24. Kf2 Rdg8 25. b4 h5 26. c6 b6 27. Rd7 Rf8 28. Bxg5 Bxb4 29. Ba6+ Kb8 30. Rhd1 h4
31. Bd8
1-0

[Event "1800-2200 Blitz"]
[Site "SchemingMind.com"]
[Date "2008.01.02"]
[Round "-"]
[White "Tanis"]
[Black "esteves101"]
[Result "1-0"]
[WhiteCountry "CHN"]
[BlackCountry "PHI"]
[WhiteElo "2124"]
[WhiteRD "75"]
[BlackElo "2147"]
[BlackRD "64"]
[GameID "135347"]

1. e4 e5 2. Nf3 Nf6 3. Nxe5 Qe7 4. d4 d6 5. Nf3 Nxe4 6. Be2 Bg4 7. O-O Nd7 8. Re1 d5 9. Ng5 Be6 10. Nxe6 fxe6
11. Nc3 O-O-O 12. Nxe4 dxe4 13. c3 Nf6 14. Bf4 Qf7 15. Bc4 Bd6 16. Qb3 Rhe8 17. Bg3 Bxg3 18. hxg3 Rd6 19. Rad1 Ng4 20. Qc2 Rf8
21. Rxe4 Qh5 22. Rxg4 Qxg4 23. Re1 Rb6 24. Qxh7 e5 25. Rxe5 Qd1+ 26. Bf1 Rxb2 27. Qg6 Qa4 28. Be2 Rh8 29. Bh5 Re2 30. Bxe2 Rd8
31. Qg5 Rg8 32. Rb5 Qa6 33. Qf5+ Kb8 34. Rb2 Qd6 35. Qf3 Qb6 36. Rxb6 axb6 37. Qd5 Re8 38. Bf3 c6 39. Qd6+ Ka7 40. Qd7 Re1+
41. Kh2 Ka6 42. d5 Re5 43. dxc6 Rh5+ 44. Bxh5 bxc6 45. Be2+ b5 46. Qxc6+
1-0

[Event "1800-2200 Blitz"]
[Site "SchemingMind.com"]
[Date "2007.12.29"]
[Round "-"]
[White "riverriver"]
[Black "Tanis"]
[Result "0-1"]
[WhiteCountry "USA"]
[BlackCountry "CHN"]
[WhiteElo "1931"]
[WhiteRD "65"]
[BlackElo "2125"]
[BlackRD "79"]
[GameID "135348"]

1. d4 Nf6 2. c4 e6 3. Nc3 Bb4 4. Nf3 c5 5. e3 O-O 6. Be2 cxd4 7. exd4 d5 8. Bg5 Qa5 9. Bd2 Rd8 10. a3 Bxc3
11. Bxc3 Qc7 12. c5 b6 13. O-O bxc5 14. dxc5 Qxc5 15. Rc1 Qf8 16. Ba5 Rd7 17. Bb4 Qd8 18. Ne5 Rc7 19. Qa4 Rxc1 20. Rxc1 Bd7
21. Qc2 Be8 22. Bd3 Kh8 23. h3 Nbd7 24. Nc6 Qc7 25. Qd2 Nb6 26. Nd4 Qd8 27. Qg5 h6 28. Qe3 Rc8 29. Rxc8 Qxc8 30. b3 Qc7
31. f4 Nc8 32. g3 Nd6 33. Kh2 Nde4 34. Nf3 Bd7 35. Ne5 Bc8 36. a4 Kg8 37. a5 Qb7 38. Qd4 Bd7 39. a6 Qc7 40. Kg2 Bc8
41. Kh2 Nd7 42. Nxd7 Qxd7 43. Qe5 Qc6 44. Qb8 Nf2 45. Qb5 Qxb5 46. Bxb5 Ne4 47. Kg2 f6 48. Kf3 g5 49. g4 gxf4 50. Kxf4 e5+
51. Kf3 f5 52. gxf5 Bxf5 53. Bc6 Be6 54. Ke3 Kf7 55. h4 Kf6 56. Kf3 Bf7 57. Bf8 Nd2+ 58. Kg4 h5+ 59. Kg3 Nxb3 60. Ba4 d4
61. Bxb3 Bxb3 62. Bc5 d3 63. Be3 Kf5 64. Kf2 Ke4 65. Bd2 Bc4 66. Ke1 Kf3 67. Bh6 Bxa6 68. Bd2 e4 69. Kd1 Bb5 70. Ke1 e3
71. Bc3 Kg3 72. Be5+ Kxh4 73. Kd1 Ba4+
0-1

[Event "1800-2200 Blitz"]
[Site "SchemingMind.com"]
[Date "2007.12.29"]
[Round "-"]
[White "Brendan Joseph Birt"]
[Black "Tanis"]
[Result "1/2-1/2"]
[WhiteCountry "USA"]
[BlackCountry "CHN"]
[WhiteElo "1892"]
[WhiteRD "73"]
[BlackElo "2103"]
[BlackRD "78"]
[GameID "135349"]

1. e4 e6 2. d4 d5 3. Nc3 Bb4 4. e5 c5 5. Bd2 cxd4 6. Nb5 Bc5 7. Qg4 Kf8 8. Nf3 Qb6 9. b4 d3 10. bxc5 Qxb5
11. Bxd3 Qc6 12. O-O h6 13. a4 Qc7 14. h4 Ne7 15. Bb4 Nec6 16. Bc3 Nd7 17. Bd4 Nxd4 18. Nxd4 Nxe5 19. Qg3 f6 20. c6 bxc6
21. h5 c5 22. Nb5 Qc6 23. f4 Nxd3 24. cxd3 a6 25. Nc3 Rb8 26. Rab1 Rxb1 27. Rxb1 d4 28. Ne4 f5 29. Nd2 Rg8 30. Nf3 Qxa4
31. Ne5 Qe8 32. Ng6+ Kf7 33. Rb8 Qa4 34. Qh4 Qd1+ 35. Kh2 Re8 36. Rxc8 Rxc8 37. Qe7+ Kg8 38. Qxe6+ Kh7 39. Qxf5 Rb8 40. Ne7+=
1/2-1/2

[Event "1800-2200 Blitz"]
[Site "SchemingMind.com"]
[Date "2007.12.29"]
[Round "-"]
[White "jdcald13"]
[Black "Tanis"]
[Result "0-1"]
[WhiteCountry "USA"]
[BlackCountry "CHN"]
[WhiteElo "1948"]
[WhiteRD "47"]
[BlackElo "2103"]
[BlackRD "78"]
[GameID "135350"]

1. c4 Nc6 2. d4 d5 3. Nf3 Bg4 4. cxd5 Bxf3 5. gxf3 Qxd5 6. e3 e5 7. Nc3 Bb4 8. Bd2 Bxc3 9. bxc3 exd4 10. cxd4 Nge7
11. Rb1 O-O 12. Bd3 Qe6 13. Rxb7 Nxd4 14. O-O Ndf5 15. Qc2 Nh4 16. Bxh7+ Kh8 17. Qe4 Qh3
0-1

[Event "1800-2200 Blitz"]
[Site "SchemingMind.com"]
[Date "2007.12.29"]
[Round "-"]
[White "Vaidotas"]
[Black "Tanis"]
[Result "1-0"]
[WhiteCountry "LTU"]
[BlackCountry "CHN"]
[WhiteElo "1929"]
[WhiteRD "65"]
[BlackElo "2103"]
[BlackRD "78"]
[GameID "135352"]

1. e4 e5 2. Nf3 f5 3. Nxe5 Qf6 4. Nc4 fxe4 5. Nc3 Qf7 6. d3 d5 7. Ne5 Qf6 8. d4 c6 9. Be2 Bd6 10. f4 Ne7
11. O-O O-O 12. Be3 b6 13. Qe1 Re8 14. g4 Na6 15. Rf2 Bb7 16. Qf1 Nc7 17. Qg2 Qh4 18. Qg3 c5 19. Qxh4
1-0

[Event "1800-2200 Blitz"]
[Site "SchemingMind.com"]
[Date "2007.12.29"]
[Round "-"]
[White "Pedro666"]
[Black "Tanis"]
[Result "0-1"]
[WhiteCountry "POL"]
[BlackCountry "CHN"]
[WhiteElo "2069"]
[WhiteRD "88"]
[BlackElo "2103"]
[BlackRD "78"]
[GameID "135353"]

1. Nf3 d5 2. d4 Nf6 3. c4 e6 4. g3 Be7 5. Bg2 O-O 6. O-O c6 7. Qc2 b6 8. Nbd2 Bb7 9. e4 Na6 10. b3 Nb4
11. Qb1 c5 12. exd5 exd5 13. dxc5 dxc4 14. Ba3 Bxc5 15. Nxc4 Be4 16. Qc1 Nd3 17. Qd1 Bxa3 18. Nxa3 Re8 19. Nc4 Rc8 20. Ne1 b5
21. Bxe4 Nxe4 22. Qxd3 bxc4 23. bxc4 Nd2 24. Qxd8 Rexd8 25. Rc1 Rd4
0-1

[Event "1800-2200 Blitz"]
[Site "SchemingMind.com"]
[Date "2008.01.02"]
[Round "-"]
[White "esteves101"]
[Black "Tanis"]
[Result "1-0"]
[WhiteCountry "PHI"]
[BlackCountry "CHN"]
[WhiteElo "2147"]
[WhiteRD "64"]
[BlackElo "2124"]
[BlackRD "75"]
[GameID "135354"]

1. e4 e5 2. Nf3 f5 3. exf5 Nc6 4. Bb5 e4 5. Ng1 Nf6 6. d4 exd3 7. Bxd3 d5 8. Ne2 Bc5 9. O-O O-O 10. Bg5 Ne5
11. Nbc3 c6 12. Ng3 Qc7 13. Bf4 Re8 14. Qd2 Bd6 15. Nce2 Qb6 16. b3 Bd7 17. Rae1 Re7 18. Bg5 Rf8 19. Nf4 Ree8 20. Be2 h6
21. Bxf6 Rxf6 22. Nfh5 Rf7 23. f6 g5 24. c3 Bc5 25. b4 Bd6 26. Bd3 Kh8 27. Nf5 Bxf5 28. Bxf5 Ra8 29. h4 Rg8 30. Be6 Qc7
31. f4 Nc4 32. Qd3 gxf4 33. Nxf4 Rxf6 34. Bxg8 Bxf4 35. Re8 Nd6 36. Ra8 Bh2+ 37. Kxh2 Nc8+ 38. Kg1 Rxf1+ 39. Kxf1 Kxg8 40. Qg6+ Kf8
41. Qxh6+ Ke7 42. Qg7+ Kd6 43. Qxc7+ Kxc7 44. Rxc8+ Kxc8 45. h5 Kd7 46. h6
1-0

[Event "1800-2200 Blitz"]
[Site "SchemingMind.com"]
[Date "2007.12.28"]
[Round "-"]
[White "Darko"]
[Black "riverriver"]
[Result "1/2-1/2"]
[WhiteCountry "ROU"]
[BlackCountry "USA"]
[WhiteElo "2004"]
[WhiteRD "66"]
[BlackElo "2007"]
[BlackRD "72"]
[GameID "135365"]

1. e4 e5 2. Nf3 Nc6 3. Bb5 a6 4. Ba4 Nf6 5. O-O Be7 6. Re1 b5 7. Bb3 O-O 8. h3 d6 9. c3 Na5 10. Bc2 c5
11. d4 Nd7 12. dxc5 dxc5 13. Nbd2 Qc7 14. Nf1 Nf6 15. Ne3 Rd8 16. Qe2 g6 17. Nd5 Nxd5 18. exd5 Bf6 19. Nxe5 Bxe5 20. Qxe5 Qxe5
21. Rxe5 Nc4 22. Re7 Nb6 23. Bh6 Nxd5 24. Re2 Be6 25. Bg5 Rd7 26. Be4 Raa7 27. Rd2 Nb6 28. Rxd7 Rxd7 29. b3 Nd5 30. Bxd5=
1/2-1/2

[Event "1800-2200 Blitz"]
[Site "SchemingMind.com"]
[Date "2007.12.28"]
[Round "-"]
[White "Darko"]
[Black "Brendan Joseph Birt"]
[Result "1-0"]
[WhiteCountry "ROU"]
[BlackCountry "USA"]
[WhiteElo "2004"]
[WhiteRD "66"]
[BlackElo "1892"]
[BlackRD "73"]
[GameID "135366"]

1. e4 c5 2. Nf3 g6 3. d4 cxd4 4. Nxd4 Nc6 5. c4 Nf6 6. Nc3 d6 7. f3 Nxd4 8. Qxd4 Bg7 9. Be3 O-O 10. Qd2 a5
11. Be2 a4 12. O-O Be6 13. b4 Nd7 14. Rac1 Nb6 15. Nd5 Nxd5 16. cxd5 Bd7 17. a3 h5 18. h4 b5 19. Rc2 Rc8 20. Rfc1 Rxc2
21. Rxc2 Qb8 22. Qc1 Rd8 23. Kh1 e5 24. Rc7 Be8 25. Ba7 Qa8 26. Qe3 Rd7 27. Rxd7 Bxd7 28. Qb6 Bf8 29. Bb8 Be8 30. Bxb5 Bxb5
31. Qxb5 Kg7 32. Qb6 Kg8 33. Qa7 Qxa7 34. Bxa7 f6 35. b5
1-0

[Event "1800-2200 Blitz"]
[Site "SchemingMind.com"]
[Date "2007.12.28"]
[Round "-"]
[White "Darko"]
[Black "jdcald13"]
[Result "1-0"]
[WhiteCountry "ROU"]
[BlackCountry "USA"]
[WhiteElo "2004"]
[WhiteRD "66"]
[BlackElo "1948"]
[BlackRD "47"]
[GameID "135367"]

1. e4 c6 2. d4 d5 3. Nc3 dxe4 4. Nxe4 Bf5 5. Ng3 Bg6 6. h4 h6 7. Nh3 Nf6 8. Nf4 Bh7 9. Bc4 e6 10. Nfh5 Nbd7
11. c3 Nxh5 12. Nxh5 Nf6 13. Bf4 Nxh5 14. Qxh5 Bg6 15. Qf3 Bd6 16. Qg3 Bxf4 17. Qxf4 O-O 18. h5 Bh7 19. O-O Qb6 20. b4 a5
21. a3 Qa7 22. b5 c5 23. d5 exd5 24. Bxd5 Rad8 25. Rad1 b6 26. f3 Kh8 27. Rfe1 f6 28. c4 Bg8 29. Bxg8 Rxg8 30. Rd6 Rge8
31. Red1 Qc7 32. Rxd8 Qxf4 33. Rxe8+ Kh7 34. Rdd8 Qc1+ 35. Kh2 Qf4+ 36. g3
1-0

[Event "1800-2200 Blitz"]
[Site "SchemingMind.com"]
[Date "2007.12.29"]
[Round "-"]
[White "Darko"]
[Black "Tanis"]
[Result "0-1"]
[WhiteCountry "ROU"]
[BlackCountry "CHN"]
[WhiteElo "2004"]
[WhiteRD "66"]
[BlackElo "2103"]
[BlackRD "78"]
[GameID "135368"]

1. e4 e5 2. Nf3 Nf6 3. Nxe5 d6 4. Nf3 Nxe4 5. d4 d5 6. Bd3 Bd6 7. O-O O-O 8. c4 c6 9. Qc2 Na6 10. a3 Bg4
11. Ne5 Bxe5 12. dxe5 Nac5 13. f3 Nxd3 14. Qxd3 Nc5 15. Qd4 Nb3 16. Qxg4 Nxa1 17. Bh6 g6 18. Bxf8 Qxf8 19. cxd5 Qc5+ 20. Kh1 cxd5
21. Nc3 Nc2 22. e6 Ne3 23. exf7+ Kg7 24. Qe6 Nxf1 25. Nxd5 Rc8 26. Qe8 Ng3+ 27. hxg3 Qc1+ 28. Kh2 Qh6+ 29. Kg1 Rc1+
0-1

[Event "1800-2200 Blitz"]
[Site "SchemingMind.com"]
[Date "2007.12.28"]
[Round "-"]
[White "Darko"]
[Black "Vaidotas"]
[Result "1/2-1/2"]
[WhiteCountry "ROU"]
[BlackCountry "LTU"]
[WhiteElo "2007"]
[WhiteRD "67"]
[BlackElo "1966"]
[BlackRD "62"]
[GameID "135370"]

1. e4 e5 2. Nf3 Nc6 3. Bb5 a6 4. Ba4 Nf6 5. O-O b5 6. Bb3 Bc5 7. a4 Bb7 8. d3 b4 9. a5 d6 10. Be3 Bd4
11. Bxd4 Nxd4 12. Nxd4 exd4 13. Nd2 O-O 14. f4 Qd7 15. h3 c5 16. Nc4 Rab8 17. g4 Qc7 18. Nb6 Nd7 19. Nd5 Bxd5 20. Bxd5 Nf6
21. Bb3 Rbd8 22. g5 Nd7 23. Qg4 Nb8 24. g6 hxg6 25. Rf2 Nc6 26. Qxg6 d5 27. Qg5 Ne7 28. Rg2 g6 29. f5 f6 30. Qh5 Kg7
31. Bxd5 Rxd5 32. exd5 g5 33. Qf3 Qd7 34. h4 Qxf5 35. Rf1 Qxf3 36. Rxf3 Nxd5 37. hxg5 f5 38. Re2 Ne3 39. Rexe3 dxe3 40. Rxe3 b3
41. cxb3 Rb8 42. Re5 Kg6 43. Rxc5 Rxb3 44. Rc6+ Kxg5 45. Rxa6 Rxb2 46. Rd6 f4 47. a6 Ra2 48. d4 Kg4 49. Rg6+ Kf3 50. d5 Ke4
51. d6 Rxa6 52. Kf2 Ra2+ 53. Ke1 Ra8 54. Kf2 Ra2+ 55. Ke1 Ra8 56. Kf2 Ra2+=
1/2-1/2

[Event "1800-2200 Blitz"]
[Site "SchemingMind.com"]
[Date "2007.12.28"]
[Round "-"]
[White "Darko"]
[Black "Pedro666"]
[Result "1-0"]
[WhiteCountry "ROU"]
[BlackCountry "POL"]
[WhiteElo "2007"]
[WhiteRD "67"]
[BlackElo "2005"]
[BlackRD "76"]
[GameID "135371"]

1. e4 Nf6 2. e5 Nd5 3. d4 d6 4. Nf3 Bg4 5. Be2 c6 6. c4 Nb6 7. Ng5 Bxe2 8. Qxe2 dxe5 9. dxe5 e6 10. O-O Be7
11. Rd1 Qc7 12. Nf3 Na6 13. Nc3 h6 14. Bf4 g5 15. Bg3 h5 16. h3 Nd7 17. Ne4 g4 18. hxg4 hxg4 19. Nh2 O-O-O 20. Nd6+ Bxd6
21. Rxd6 Rh5 22. Rad1 Nab8 23. Qxg4 Rdh8 24. Qe2 Qd8 25. Qd3 Qe7 26. Qd4 f6 27. exf6 Qh7 28. Rxe6 Rxh2 29. Bxh2 Qxh2+ 30. Kf1 Qh1+
31. Ke2 Qh5+ 32. f3 Rg8 33. g4 Qg6 34. Qe4 Nxf6 35. Qxg6 Rxg6 36. g5 Nh5 37. Rxg6 Nf4+ 38. Ke3 Nxg6 39. Ke4 Nd7 40. Kf5 Nh4+
41. Kg4 Ng2 42. Rd2 Ne3+ 43. Kh5 Nxc4 44. Rf2 Ne3 45. g6 Nd5 46. g7 N7f6+ 47. Kg6 Ng8 48. Kf7 Nh6+ 49. Kg6 Ng8 50. Rh2 Kc7
51. Kf7 Nge7 52. Ke6 b5 53. Rh8 a5 54. Re8
1-0

[Event "1800-2200 Blitz"]
[Site "SchemingMind.com"]
[Date "2008.01.02"]
[Round "-"]
[White "Darko"]
[Black "esteves101"]
[Result "1-0"]
[WhiteCountry "ROU"]
[BlackCountry "PHI"]
[WhiteElo "2004"]
[WhiteRD "66"]
[BlackElo "2077"]
[BlackRD "76"]
[GameID "135372"]

1. e4 e5 2. Nf3 Nf6 3. Nxe5 Qe7 4. d4 d6 5. Nf3 Nxe4 6. Be2 Bg4 7. O-O Nd7 8. Re1 d5 9. Ng5 Be6 10. Nxe4 dxe4
11. Nc3 f5 12. Bf4 Nf6 13. f3 O-O-O 14. fxe4 fxe4 15. Bf1 Qf7 16. Ne2 Ng4 17. Qc1=
1-0

[Event "1800-2200 Blitz"]
[Site "SchemingMind.com"]
[Date "2007.12.28"]
[Round "-"]
[White "riverriver"]
[Black "Darko"]
[Result "0-1"]
[WhiteCountry "USA"]
[BlackCountry "ROU"]
[WhiteElo "1990"]
[WhiteRD "66"]
[BlackElo "2007"]
[BlackRD "67"]
[GameID "135373"]

1. d4 Nf6 2. c4 e6 3. Nc3 Bb4 4. e3 O-O 5. Bd3 d5 6. Nf3 c5 7. O-O Nc6 8. a3 Bxc3 9. bxc3 Qc7 10. Bb2 dxc4
11. Bxc4 e5 12. Qc2 e4 13. Nd2 Bf5 14. Be2 Rfd8 15. Rab1 Rac8 16. dxc5 Ne5 17. c4 Neg4 18. g3 Qxc5 19. Bxf6 Nxe3 20. Qb2 Nxf1
21. Rxf1 gxf6 22. Qxf6 Bg6 23. Qb2 e3 24. Nf3 exf2+ 25. Rxf2 b6 26. Ne5 Qd4 27. Bf3 Qxb2 28. Rxb2 Rd6 29. Bd5 Kg7 30. Re2 Re8
31. Kf2 f6 32. Nc6 Rxe2+ 33. Kxe2 a5 34. Nd4 Kf8 35. Ke3 Bf7 36. Ke4 Bxd5+ 37. cxd5 Kf7 38. Nf5 Rd8 39. Kd4 Kg6 40. Ne7+ Kf7
41. Nf5 b5 42. Kc5 b4 43. axb4 a4 44. b5 a3 45. Nd4 a2 46. Nb3 Rc8+ 47. Kb4 Rc1 48. Ka3 a1=Q+ 49. Nxa1 Rxa1+ 50. Kb4 Ke7
51. Kc5 Rc1+ 52. Kb6 Kd6 53. Ka7 Kxd5 54. b6 Kc6 55. b7 Ra1+ 56. Kb8 Rb1 57. Kc8 Rxb7 58. Kd8 h5 59. Ke8 f5 60. Kf8 Kd6
61. Kg8 Ke6
0-1

[Event "1800-2200 Blitz"]
[Site "SchemingMind.com"]
[Date "2007.12.28"]
[Round "-"]
[White "Brendan Joseph Birt"]
[Black "Darko"]
[Result "0-1"]
[WhiteCountry "USA"]
[BlackCountry "ROU"]
[WhiteElo "1892"]
[WhiteRD "73"]
[BlackElo "2004"]
[BlackRD "66"]
[GameID "135374"]

1. e4 c5 2. c3 d5 3. exd5 Qxd5 4. d4 Nf6 5. Nf3 Bg4 6. Be2 e6 7. h3 Bh5 8. O-O Nc6 9. Be3 cxd4 10. cxd4 Bb4
11. g4 Bg6 12. a3 Ba5 13. b4 Bb6 14. Nc3 Qd8 15. Bd3 O-O 16. Bxg6 hxg6 17. Qd2 Nd5 18. Nxd5 Qxd5 19. Kg2 f5 20. gxf5 Rxf5
21. Qd1 Raf8
0-1

[Event "1800-2200 Blitz"]
[Site "SchemingMind.com"]
[Date "2007.12.28"]
[Round "-"]
[White "jdcald13"]
[Black "Darko"]
[Result "0-1"]
[WhiteCountry "USA"]
[BlackCountry "ROU"]
[WhiteElo "1948"]
[WhiteRD "47"]
[BlackElo "2004"]
[BlackRD "66"]
[GameID "135375"]

1. e4 c5 2. Nc3 Nc6 3. f4 g6 4. Nf3 Bg7 5. Bb5 Nd4 6. Bd3 d6 7. O-O Nf6 8. Nxd4 cxd4 9. Ne2 O-O 10. c3 dxc3
11. dxc3 b5 12. Kh1 Bb7 13. e5 dxe5 14. fxe5 Ng4 15. e6 fxe6 16. Nf4 e5 17. Qxg4 Qxd3 18. Qe6+ Kh8
0-1

[Event "1800-2200 Blitz"]
[Site "SchemingMind.com"]
[Date "2007.12.29"]
[Round "-"]
[White "Tanis"]
[Black "Darko"]
[Result "1-0"]
[WhiteCountry "CHN"]
[BlackCountry "ROU"]
[WhiteElo "2125"]
[WhiteRD "79"]
[BlackElo "2021"]
[BlackRD "70"]
[GameID "135376"]

1. e4 c5 2. Nf3 d6 3. d4 cxd4 4. Qxd4 Bd7 5. Bc4 Nc6 6. Qd3 e6 7. O-O Nf6 8. Bg5 Be7 9. Nc3 Nb4 10. Qe2 a6
11. a3 Nc6 12. Rad1 Qc7 13. Rd2 Ne5 14. Nxe5 dxe5 15. Rfd1 Rd8 16. Na2 b5 17. Bb3 O-O 18. c4 Bc6 19. Nc3 Rxd2 20. Rxd2 Rb8
21. f3 b4 22. axb4 Rxb4 23. Ba2 Bc5+ 24. Be3 Nd7 25. Nd1 Kf8 26. Qd3 Be7 27. Nc3 Nc5 28. Qc2 Ba4 29. Nxa4 Rxa4 30. b3 Rb4
31. Rd1 a5 32. Kh1 Rb8 33. Bd2 Na6 34. Bc3 Bb4 35. Bb2 f6 36. Ba1 Ke7 37. h3 Rd8 38. Bb1 Rd6 39. Bb2 Qd8 40. Rxd6 Qxd6
41. Kh2 Nc5 42. Kg1 Nd7 43. Kf1 Nb8 44. g3 Nc6 45. Ba1 Bc5 46. Bc3 Bb6 47. Be1 Nd4 48. Qc3 Qa3 49. b4 Qa4 50. bxa5 Qd1
51. Qd3 Qxd3+ 52. Bxd3 Bc5 53. Be2 Kd7 54. Bd1 Kd6 55. Bd2 Kc7 56. Kg2 Kb7 57. Ba4 Ka6 58. Be1 Bd6 59. Bd7 Bc7 60. Bc8+ Ka7
61. Bb4 Nc6 62. Bc5+ Kb8 63. Bxe6 Bxa5 64. Bf8 g5 65. Bd5 Bb4 66. Bg7 Kc7 67. Bxf6
1-0